Young Pandavas: (Record no. 181959)

MARC details
000 -LEADER
fixed length control field 00604nam a22001937a 4500
005 - DATE AND TIME OF LATEST TRANSACTION
control field 20211012112039.0
010 ## - LCCN (DPL NO)
LC control number B-741748
020 ## - INTERNATIONAL STANDARD BOOK NUMBER
Terms of availability 250.00
International Standard Book Number 9789388322836
035 ## - SYSTEM CONTROL NUMBER
System control number B-741748
037 ## - SOURCE OF ACQUISITION
Source of stock number/acquisition Gift
082 ## - DEWEY DECIMAL CLASSIFICATION NUMBER
Classification number S
100 ## - MAIN ENTRY--PERSONAL NAME
Personal name Arunachalam,Anupam
245 ## - TITLE STATEMENT
Title Young Pandavas:
Remainder of title The Royal Tournament /
Statement of responsibility, etc Anupam Arunachalam
260 ## - PUBLICATION, DISTRIBUTION, ETC. (IMPRINT)
Place of publication, distribution, etc Gurugram
Name of publisher, distributor, etc Hachette Book Publishing
Date of publication, distribution, etc 2020
270 ## - ADDRESS
Address 4th and 5th Floors, Corporate Centre, Plot No.94
City Gurugram
Postal code 122003
300 ## - PHYSICAL DESCRIPTION
Extent 195 p.
Dimensions 21cm(pbk)
Other physical details ill
942 ## - ADDED ENTRY ELEMENTS (KOHA)
Source of classification or shelving scheme Dewey Decimal Classification
Item type Children Books
Classification part S
Call number suffix ARU
Holdings
Withdrawn status Lost status Not for loan Collection code Home library Current library Date acquired Source of acquisition Cost, normal purchase price Full call number Barcode Copy number Cost, replacement price Koha item type Public note
      Non-fiction Ashok Vihar Ashok Vihar 12/10/2021 Gift/4.10.2021 250.00 S ARU B-741748 1 250.00 Children Books Gift

© Delhi Public Library
Hit Counter
free hit counter